000 00519nam a22001457a 4500
999 _c12007
_d12007
008 211112b 2020 ||||| |||| 00| 0 eng d
110 _aBhandarkar Publication
245 _aCommentary on MARPOL consolidated edition 2020 upto MEPC.305(73)
260 _aMumbai
_bBhandarkar Publication
_c2020
300 _a124+174pgs
650 _aRequirements for machinery spaces of all ships
650 _aControl of operational discharge of oil
650 _aSpecial requirements for fixed or floating platforms
942 _cBK